[Event "Philadelphia National op 38th"]
[Site "Philadelphia"]
[Date "2007.11.24"]
[Round "3"]
[White "Yeager, Daniel A"]
[Black "Ibragimov, Ildar"]
[Result "0-1"]
[WhiteElo "2246"]
[BlackElo "2598"]
[PlyCount "66"]
[EventDate "2007.11.23"]
[EventType "swiss"]
[EventRounds "6"]
[EventCountry "USA"]
[SourceTitle "EXT 2012"]
[Source "ChessBase"]
[SourceDate "2011.11.24"]
[SourceVersion "1"]
[SourceVersionDate "2011.11.24"]
[SourceQuality "1"]

1. d4 e6 2. c4 Nf6 3. g3 c5 4. d5 exd5 5. cxd5 d6 6. Nc3 g6 7. Bg2 Bg7 8. Nf3 0-0 9. 0-0 Re8 10. Nd2 Nbd7 11. Nc4 Nb6 12. Ne3 Ng4 13. Nxg4 Bxg4 14. Re1 Qd7 15. Qc2 Bh3 16. Bf3 Nc4 17. a4 Rab8 18. Bh1 a6 19. b3 Ne5 20. Bb2 f5 21. Qd2 b5 22. axb5 axb5 23. Nd1 f4 24. f3 g5 25. Nf2 Bf5 26. e3 Nxf3+ 27. Bxf3 fxe3 28. Qe2 exf2+ 29. Qxf2 Bxb2 30. Qxb2 Qg7 31. Qxg7+ Kxg7 32. Rxe8 Rxe8 33. Kf2 Kf6 0-1

[Event "Washington Eastern op 33rd"]
[Site "Washington DC"]
[Date "2006.12.29"]
[Round "5"]
[White "Kaufman, Larry C"]
[Black "Yeager, Daniel A"]
[Result "1/2-1/2"]
[WhiteElo "2369"]
[BlackElo "2064"]
[PlyCount "69"]
[EventDate "2006.12.27"]
[EventType "swiss"]
[EventRounds "8"]
[EventCountry "USA"]
[SourceTitle "CBM 115 Extra"]
[Source "ChessBase"]
[SourceDate "2007.01.10"]
[SourceVersion "1"]
[SourceVersionDate "2007.01.10"]
[SourceQuality "1"]

1. d4 Nf6 2. c4 e6 3. Nf3 b6 4. g3 Bb7 5. Bg2 Be7 6. 0-0 0-0 7. d5 exd5 8. Nh4 c6 9. cxd5 Nxd5 10. Nf5 Na6 11. e4 Nf6 12. e5 Ne8 13. Qg4 Nac7 14. Nc3 Ne6 15. Ne4 f6 16. Bf4 fxe5 17. Bxe5 Bc8 18. Ned6 Bxd6 19. Nxd6 Nxd6 20. Bxd6 Rf7 21. f4 Qf6 22. Be5 Qe7 23. Rfe1 d5 24. Qd1 Qf8 25. Rc1 Bb7 26. h4 Nc5 27. Kh2 Rd8 28. Qc2 Bc8 29. Red1 Bf5 30. Qe2 a5 31. b3 Be4 32. Bh3 Bf5 33. Bg2 Be4 34. Bh3 Bf5 35. Bg2 1/2-1/2